Estudios de arte sevillano (Record no. 174518)
[ view plain ]
| 000 -LEADER | |
|---|---|
| campo de control de longitud fija | 00905nam a2200229 4500 |
| 001 - NÚMERO DE CONTROL | |
| campo de control | 174518 |
| 003 - IDENTIFICADOR DE NÚMERO DE CONTROL | |
| campo de control | ES-MaACL |
| 005 - FECHA Y HORA DE LA ÚLTIMA TRANSACCIÓN | |
| campo de control | 20230906215544.0 |
| 008 - DATOS DE LONGITUD FIJA--INFORMACIÓN GENERAL | |
| campo de control de longitud fija | 100503c1973 sp f |||| |dspa d |
| 017 ## - NÚMERO DE COPYRIGHT O DE DEPÓSITO LEGAL | |
| Número de copyright o de depósito legal | SE 218-1973 |
| 020 ## - NÚMERO INTERNACIONAL ESTÁNDAR DEL LIBRO | |
| Número Internacional Estándar del Libro | 84-00-03902-5 |
| 080 ## - NÚMERO DE LA CLASIFICACIÓN DECIMAL UNIVERSAL | |
| Número de la Clasificación Decimal Universal | 7.036(460.353 S.) |
| 245 00 - MENCIÓN DEL TÍTULO | |
| Título | Estudios de arte sevillano |
| Resto del título | : (número extraordinario del Boletín de Bellas Artes. |
| Número de parte o sección de la obra | 2ª época). |
| 260 ## - PUBLICACIÓN, DISTRIBUCIÓN, ETC. | |
| Lugar de publicación, distribución, etc. | Sevilla : |
| Nombre del editor, distribuidor, etc. | Real Academia de Bellas Artes de Santa Isabel de Hungría, |
| Fecha de publicación, distribución, etc. | 1973. |
| 300 ## - DESCRIPCIÓN FÍSICA | |
| Extensión | 190 p., [54 p., 5 h.] de lám., fot. b. y n. ; |
| Dimensiones | 25 cm. |
| 490 1# - MENCIÓN DE SERIE | |
| Mención de serie | Publicaciones del Patronato "José María Cuadrado" del C.S.I.C. |
| 650 #4 - PUNTO DE ACCESO ADICIONAL DE MATERIA--TÉRMINO DE MATERIA | |
| Término de materia o nombre geográfico como elemento de entrada | Arte- |
| Subdivisión geográfica | Sevilla. |
| 9 (RLIN) | 137553 |
| 710 2# - ENTRADA AGREGADA--NOMBRE DE ENTIDAD CORPORATIVA | |
| Nombre de entidad corporativa o nombre de jurisdicción como elemento de entrada | Real Academia de Bellas Artes de Santa Isabel de Hungría. |
| 9 (RLIN) | 6295 |
| 830 0# - PUNTO DE ACCESO ADICIONAL DE SERIE-TÍTULO UNIFORME | |
| Título uniforme | Publicaciones del Patronato "José María Cuadrado" del C.S.I.C. |
| 9 (RLIN) | 189434 |
| 852 4# - LOCALIZACIÓN | |
| Ubicación | BA |
| Número de control de estantería | C-57182 |
| Estatus retirado | Estado de pérdida | Estado de daño | No para préstamo | Biblioteca de origen | Biblioteca actual | Ubicación en estantería | Fecha de adquisición | Fuente de adquisición | Total de préstamos | Signatura topográfica completa | Código de barras | Visto por última vez | Precio de reemplazo | Tipo de ítem Koha |
|---|---|---|---|---|---|---|---|---|---|---|---|---|---|---|
| Biblioteca del Ateneo de Madrid | Biblioteca del Ateneo de Madrid | Depósito 2 | 03/05/2010 | C-57182 | 1183202 | 23/02/2023 | 23/02/2023 | Libro impreso |
